| 000 | 00512cam a2200169u 4500 | ||
|---|---|---|---|
| 001 | unk84131406 | ||
| 003 | DLC | ||
| 005 | 20260227112802.0 | ||
| 008 | 841115q18501859gw 000 0 fre | ||
| 010 | _aunk84131406 | ||
| 040 |
_aDLC _cCarP _dDLC |
||
| 050 | 0 | 0 | _aML30.4c no. 1454 |
| 100 | 1 |
_aKummer, Kaspar, _d1795-1870- _ecomp. |
|
| 245 | 1 | 0 |
_aRepertoire d'opéras italiens; _bpotpourris sur des motifs d'opéras favoris, pour la flûte seule. |
| 260 |
_aHamburg, _bF. Schuberth _c[185-?] |
||
| 300 |
_a36 v. _bcm. |
||
| 999 |
_c91563 _d91563 |
||